Premier League General Knowledge #4 - Statistics

General Stats
  • This quiz has been taken 939 times
    333 since last reset
  • The average score is 6 of 20
Answer Stats
Question Answer % Correct
Which two Englishmen made up the famous SAS striking partnership of Blackburn Rovers's 1994/95 title-winning squad? Alan Shearer
93%
Whose Premier League career involved spells at Arsenal, Liverpool, Manchester City, Bolton Wanderers, Chelsea and West Bromwich Albion? Nicolas Anelka
72%
Who scored five goals in Tottenham Hotspur's 9-1 demolition of Wigan Athletic in 2009? Jermain Defoe
62%
Which two Englishmen made up the famous SAS striking partnership of Blackburn Rovers's 1994/95 title-winning squad? Chris Sutton
55%
Who are the only two strikers to have won the Golden Boot, whilst playing for a newly-promoted team? Kevin Phillips
49%
Who was the first captain of Manchester United to be neither British nor Irish? Eric Cantona
48%
Which former Premier League midfielder is the cousin of Jamie Redknapp? Frank Lampard
48%
Who were the three managers that took charge of Southampton during the 2004/05 season? Harry Redknapp
34%
Who are the only two strikers to have won the Golden Boot, whilst playing for a newly-promoted team? Andy Cole
30%
Which Ipswich Town striker was the League's second-top scorer in the 2000/01 season? Marcus Stewart
18%
What was Cardiff City's nickname during their first season in the Premier League? The Red Dragons
16%
Who was the first non-European Premier League-winning captain? Wes Morgan
16%
Who was in goal for Wigan during that match? Chris Kirkland
15%
Who is the leading Premier League goalscorer for Wolverhampton Wanderers? Rúben Neves
14%
Which club was Stan Collymore's last in the Premier League? Bradford City
13%
Who took caretaker charge of West Ham United as they were relegated in 2003? Sir Trevor Brooking
10%
Who were the three managers that took charge of Southampton during the 2004/05 season? Paul Sturrock
5%
Who were the three managers that took charge of Southampton during the 2004/05 season? Steve Wigley
3%
Who sponsored Barnsley during their only Premier League season? ORA
2%
Dean Windass accidentally kicked the ball at which referee's head in 2001? Jeff Winter
1%
No matching quizzes found
Score Distribution
Percent of People with Each Score
Percentile by Number Answered
Your Score History
You have not taken this quiz since the last reset